Normal view
MARC view
Entry Topical Term
001 - CONTROL NUMBER
- control field: 12540
003 - CONTROL NUMBER IDENTIFIER
- control field: dpl
005 - DATE AND TIME OF LATEST TRANSACTION
- control field: 20100813130255.0
008 - FIXED-LENGTH DATA ELEMENTS
- fixed length control field: 100813|||a|||||| | ||| d
040 ## - CATALOGING SOURCE
- Original cataloging agency: dpl
- Transcribing agency: dpl
150 ## - HEADING--TOPICAL TERM
- Topical term or geographic name as entry element: Microsoft Access.
670 ## - SOURCE DATA FOUND
- Source citation: Work cat.: (dpl): Deepa, O. 12539, Easy way to MS-Access /, 2005
670 ## - SOURCE DATA FOUND
- Source citation: Work cat.: (dpl): Deepa, O. 12539, Easy way to MS-Access /, 2005
